Normal view
MARC view
Entry Personal Name
001 - CONTROL NUMBER
- control field: 779452
003 - CONTROL NUMBER IDENTIFIER
- control field: OSt
005 - DATE AND TIME OF LATEST TRANSACTION
- control field: 20250508164906.0
008 - FIXED-LENGTH DATA ELEMENTS
- fixed length control field: 250508|| aca||aabn | a|a d
040 ## - CATALOGING SOURCE
- Original cataloging agency: OSt
- Transcribing agency: OSt
100 ## - HEADING--PERSONAL NAME
- Personal name: Jha Avdhesh Kumar
670 ## - SOURCE DATA FOUND
- Source citation: Work cat.: (OSt)1391840: Jha Avdhesh Kumar, Sampreshnatmak shikshan - vidhi se sanskrit adhigam mein katthinayon ka addhyan : Shikshacharya ki anshik purti hetu prastut laghu shod - prabandh, 2002
